000 00796cam a2200337 4500
001 B2660
008 090401t1989 xxu||||| |||| 00| 0 eng d
035 _a(Sirsi) u51347
041 _aeng
050 _a690.24
110 _aJones Lang Wootton
_92909
245 _aWorldwide office occupancy costs . - No. 1 (September 1989)
260 _aLondon
_bJones Lang Wootton
_c1989
300 _a1 folded sheet (8p.) ; 28cm.
350 _a0
650 _aAUCKLAND
650 _aBRUSSELS
650 _aFRANKFURT
650 _aHONG KONG
650 _aLONDON
650 _aLOS ANGELES
650 _aNEW YORK
650 _aOFFICES
650 _aPARIS
650 _aSINGAPORE
650 _aSYDNEY
650 _aTOKYO
650 _aWASHINGTON
942 _n0
948 _c04/03/1997
999 _c92878
_d92878